| 000 | 01613nam a2200241Ia 4500 | ||
|---|---|---|---|
| 003 | OSt | ||
| 005 | 20260413111937.0 | ||
| 008 | 160316s2000 xxu||||| |||| 00| 0 eng d | ||
| 020 | _a8180381188 (pbk.) | ||
| 040 | _cn | ||
| 082 | _a345 PIL | ||
| 100 | _aPillai, P S A | ||
| 245 |
_aCriminal law / _cP S A Pillai, V. Suresh and D. Nagasaila |
||
| 250 | _a9th ed. | ||
| 260 |
_aNew Delhi : _bButterworths India, _c2000. |
||
| 300 |
_alx, 990 p. ; _c23 cm. |
||
| 365 | _bRs.650 | ||
| 505 | _aChapter 1: Nature of Crime; Chapter 2: Historical Outline Chapter 3: Penal Law in India Chapter 4: Constituent Elements of Crime; Chapter 5: Mens Rea Chapter 6 General Exceptions: An Introduction Chapter 7: Mistake of Fact Chapter 8 Judicial Acts. Chapter 9: Accident and Misfortune Chapter 10: Infancy Chapter 11: Insanity Or Mental Abnormality Chapter 12: Intoxication; Chapter 13: Consent, Compulsion and Duress Chapter 14: Trivial Acts Chapter 15: Private Defence Chapter 16 Attempt: The Law of Inchoate Crimes; Chapter 17 Joint Liability. Chapter 18: Abetment Chapter 19 Criminal Conspiracy. Chapter 20 Of Punishment' s; Chapter 21 Jurisdiction. Chapter 22: Offences Against the State; Chapter 23: Offences Relating to Army, Navy and Air Force; Chapter 24: Offences Against the Public Tranquility; Chapter 25: Offences Relating to Elections; Chapter 26: Contempts of the Lawful Authority of Public Servants; Chapter 17: False Evidence and Offences Against Public Justice Index | ||
| 650 | _aCriminal law | ||
| 700 |
_aSuresh, V. _a |
||
| 700 | _aNagasaila, D. | ||
| 942 |
_2ddc _cBK |
||
| 999 |
_c16432 _d16432 |
||